000 00413nam a22001577a 4500
999 _c12225
_d12225
008 220823b ||||| |||| 00| 0 eng d
020 _a9789391019747
082 _a158.1
_bSHA
100 _aSharma, Robin
245 _aThe everyday hero manifesto
260 _aMumbai
_bJaico publishing house
_c2021
300 _aix, 384p.
_bpb
650 _aSelf-actualization (Psychology)
650 _aSuccess
942 _cBK